000 00351nam a2200133Ia 4500
008 240624s9999 xx 000 0 und d
041 _aeng
082 _a658.4063 HAR
100 _aHARRIS ROGER
245 _aWORKFORCE DEVELOPMENT PERSPECTIVES AND I
260 _c2014
_aLondon
_bSpringer
300 _axviii, : 387 : p. : cm. ; 24
365 _cERU
_b28
999 _c23772
_d23772